000 00601nam a2200217 i 4500
001 6801
003 ES-MaACL
005 20250807071933.0
007 t|
008 900531s1989 sp ||||1| spa d
020 _a84-206-9552-1
080 _a17.023.34
100 1 _aMarías, Julián,
_d1914-2005
_976688
245 1 3 _aLa Felicidad humana /
_cJulian Marias.
250 _a1a ed., 2a reimp.
260 _aMadrid :
_bAlianza,
_c1989.
300 _a385 p. ;
_c20 cm.
650 1 7 _aFelicidad
_2embne
_912743
852 _aES-MaACL
_jL-14085
_bR.117963
_z. - rust.
999 _c6801
_d6801